| 000 | 00641nam a2200241 a 4500 | ||
|---|---|---|---|
| 001 | 0001-1082 | ||
| 003 | ELIB.Books | ||
| 008 | 150114 2010 eng | ||
| 020 | _a0913367060 | ||
| 035 | _a(ELIB.Books)0001-1237 | ||
| 092 |
_a248 _bLot |
||
| 100 | _aLotz, Anne Graham. | ||
| 245 |
_aGod's Story: _bFinding Meaning for Your Life through Knowing God |
||
| 260 |
_aNashville: _bWord Publishing _c1999 |
||
| 300 |
_a292 _c21 Cm |
||
| 500 | _aC/o Moe Lwai | ||
| 650 | _aChristian Life | ||
| 856 |
_nKBTS; Library _uKBTS; Elib. |
||
| 942 |
_2ddc _cBK |
||
| 990 | _a1 | ||
| 998 |
_cbat _e2015-01-14 |
||
| 999 |
_c11082 _d11082 |
||